书目信息 |
| 题名: |
生态文明与绿色经济研究
|
|
| 作者: | 冯长 著 | |
| 分册: | ||
| 出版信息: | 北京 北京工业大学出版社 2021.5 |
|
| 页数: | 155页 | |
| 开本: | 24cm | |
| 丛书名: | ||
| 单 册: | ||
| 中图分类: | X171.4 , F062.2 | |
| 科图分类: | ||
| 主题词: | 生态环境建设--研究 , 绿色经济--研究 | |
| 电子资源: | ||
| ISBN: | 978-7-5639-6691-2 | |
| 000 | 00835nam0 2200253 45 | |
| 001 | 012001000373 | |
| 005 | 20140911134932.0 | |
| 010 | @a978-7-5639-6691-2@dCNY45.00 | |
| 100 | @a20191206d2018 em y0chiy50 ea | |
| 101 | 0 | @achi |
| 102 | @aCN@b110000 | |
| 105 | @ay z 000yy | |
| 106 | @ar | |
| 200 | 1 | @a生态文明与绿色经济研究@Asheng tai wen ming yu lv se jing ji yan jiu@b专著@f冯长著 |
| 210 | @a北京@c北京工业大学出版社@d2021.5 | |
| 215 | @a155页@d24cm | |
| 330 | @a本书共七章,包括生态文明建设的背景、生态文明和绿色发展概述、我国生态文明建设的现状及实现路径、绿色经济发展的理论基础等内容。 | |
| 606 | 0 | @a生态环境建设@x研究 |
| 606 | 0 | @a绿色经济@x研究 |
| 690 | @aX171.4@v5 | |
| 690 | @aF062.2@v5 | |
| 701 | 0 | @a冯长@Afeng chang@c(生态经济学)@4著 |
| 801 | 0 | @aCN@bBJSDL@c20211011 |
| 905 | @b1331340-3@dX171.4@e262@f4 | |
| 生态文明与绿色经济研究/冯长著.-北京:北京工业大学出版社,2021.5 |
| 155页;24cm |
| ISBN 978-7-5639-6691-2:CNY45.00 |
| 本书共七章,包括生态文明建设的背景、生态文明和绿色发展概述、我国生态文明建设的现状及实现路径、绿色经济发展的理论基础等内容。 |
| ● |
| 相关链接 |
|
|
|
|
正题名:生态文明与绿色经济研究
索取号:X171.4/262
 
预约/预借
| 序号 | 登录号 | 条形码 | 馆藏地/架位号 | 状态 | 备注 |
| 1 | 1331340 | 213313403 | 第二样本阅览室/ [索取号:X171.4/262] | 在馆 | |
| 2 | 1331341 | 213313412 | 第三借阅区/ [索取号:X171.4/262] | 在馆 | |
| 3 | 1331342 | 213313421 | 第三借阅区/ [索取号:X171.4/262] | 在馆 | |
| 4 | 1331343 | 213313430 | 第三借阅区/ [索取号:X171.4/262] | 在馆 |